1498 1646 1377 1904 1086 1838 1518 1976 1838 1567 1952 1829 1586 1798 1505 1242 1646 1728 1214 1602 1159 1525 1670 1194 1513 1924 1277 1620 1823 1511 1118 1331 1642 1788 1691 1156 1830 1527 1181 1007 1482 1159 1684 1622 1196 1834 1887 1078 1224 1384 1256 1766 1221 1586 1014 1097 1524 1256 1034 1714 1010 1545 1713 1425 1491 1853 1349 1833 1912 1974 1011 1422 1327 1744 1555 1594 1006 1463 1763 1657 1697 1000 1128 1617 1252 1965 1662 1800 1064 1352 1001 1185 1084 1727 1536 1101 1894 1280 1935 BCNSPRNW ULIB Ver.6.0+V

เปลี่ยนเป็นภาษาไทย

Change to English
 แสดงรายละเอียดบรรณานุกรม
  กลับหน้าหลัก

Brief Record : Get Marc (ISO 2709) : E-mail record : QR code < ปิดหน้าต่าง
LEADER : 00000nam 2200000uu 4500
001    13399111078
003     ULIB
008    110616s2552||||th 000 0 tha d
020    9789741684779(ล.3)
050 04 BF455^bท317ค ล.3 2552
100 0  ทองสุข รวยสูงเนิน
245 10 คู่มือปฏิบัติการการจัดการเรียนรู้เพื่อพัฒนาทักษะการคิด 3 /^cเรียบเรียงโดย ทองสุข รวยสูงเนิน
250    พิมพ์ครั้งที่ 2
260    กรุงเทพฯ :^bสถาบันพัฒนาความก้าวหน้า,^c2552
300    3 เล่ม :^bภาพประกอบ
504    บรรณานุกรม: หน้า 154-157
505 0  ล.3^tคู่มือปฏิบัติการการจัดการเรียนรู้เพื่อพัฒนาทักษะการคิด
650  7 การเรียนรู้
650  7 การสอน
650  7 ระบบการเรียนการสอน
650  7 ทักษะทางการคิด
710 20 สถาบันพัฒนาความก้าวหน้า
945    ^p180^l0^i027098
945    ^p180^l0^i027097
995    ทศพร
999 ^a ใช้งานได้ทุกระบบ
รายการนี้ยังไม่มีแท็ก
คุณยังไม่ได้ล็อกอิน คุณสามารถมีกิจกรรมร่วมกับเว็บไซต์ได้ แต่ต้องล็อกอินก่อน ::
  ล็อกอิน

รายการสื่อสารสนเทศ

ลำดับที่ ประเภท เลขเรียก/บาร์โค้ด สถานที่ สถานะ
- ไม่พบข้อมูล -

รายการใกล้เคียง
    ผู้แต่ง [ทองสุข รวยสูงเนิน]

    หัวเรื่อง [การเรียนรู้]
    หัวเรื่อง [การสอน]
    หัวเรื่อง [ระบบการเรียนการสอน]
    หัวเรื่อง [ทักษะทางการคิด]

BibComment


ยังไม่เคยถูกคอมเมนท์

คอมเมนท์ทรัพยากรรายการนี้
  คอมเมนท์: คู่มือปฏิบัติการก..


 Copyright 2026. Bcnsprnw @Library